000 00268nam a2200109Ia 4500
008 190216s9999||||xx |||||||||||||| ||und||
100 _aSamual Glasstone
245 0 _aText Book Of Physical Chemistry
260 _bMacmillan India Ltd
650 _aChemistry
942 _cBK
999 _c2095
_d2095